Jakost 98. Quality 98. : Sborník přednášek
Salvato in:
| Ente Autore: | |
|---|---|
| Natura: | Atti del Convegno Libro |
| Lingua: | multilingua |
| Pubblicazione: |
Ostrava :
DT,
1998
|
| Soggetti: | |
| Tags: |
Nessun Tag, puoi essere il primo ad aggiungerne!!
|
MARC
| LEADER | 00000nam a22000003a 4500 | ||
|---|---|---|---|
| 001 | stu80280 | ||
| 005 | 20150408175352.5 | ||
| 008 | 030414s1998----xr------------------mul-d | ||
| 020 | |a 80-02-01218-6 | ||
| 040 | |a STU |b slo | ||
| 041 | 0 | |a mul | |
| 044 | |a xr | ||
| 080 | |a 658.562(082) | ||
| 111 | 2 | |a 7. ročník mezinárodní konference |d (2.-4.6.1998 : |c Ostrava) | |
| 245 | |a Jakost 98. Quality 98. : |b Sborník přednášek | ||
| 260 | |a Ostrava : |b DT, |c 1998 | ||
| 650 | 7 | |a kvalita |2 stusub | |
| 996 | |b 284M056308 |c M*Z-1307 |l MMST |s P |a 0 |w stu80280_0001 | ||
| 996 | |b 284M081811 |c M*Z-1318 |l MMKN |s A |a 24 |w stu80280_0003 | ||